000 00918nam a22002417a 4500
005 20251126160636.0
010 _aB-763414-3434 ENG-147191 BACEN25
020 _a9788178441436
_c1295.00
035 _aB-763414-3434
035 _aEN-130723
037 _bK.K Publications
037 _bDBAD
082 _a609
_21
100 _aHegde, P.D.
_985764
245 _aA Brief History of Great Inventions/
_cby P.D. Hegde
250 _a1
260 _aNew Delhi
_bK. K. Publications
_c2022
270 _a4806/24, Bharat Ram Road, Daryaganj
_bNew Delhi
_e110002
_k011-47340207
_minfo@kkpublications.com
300 _a440p.
_c22cm(Hb)
_bill.
500 _aIncludes index
942 _2ddc
_cEN
_mHEG
_h609
999 _c209220
_d209220